Serenity : (Record no. 551)

MARC details
000 -LEADER
fixed length control field 00971cam a2200277Ia 4500
005 - DATE AND TIME OF LATEST TRANSACTION
control field 20260322212024.0
008 - FIXED-LENGTH DATA ELEMENTS--GENERAL INFORMATION
fixed length control field data
020 ## - INTERNATIONAL STANDARD BOOK NUMBER
International Standard Book Number 0840715420 (pbk)
020 ## - INTERNATIONAL STANDARD BOOK NUMBER
International Standard Book Number 9780840715425 (pbk)
040 ## - CATALOGING SOURCE
Original cataloging agency CXP
Transcribing agency CXP
Modifying agency SYB
-- VET
-- BAKER
-- SYB
050 14 - LIBRARY OF CONGRESS CALL NUMBER
Classification number BL624.5
Item number .B52 1990
050 #4 - LIBRARY OF CONGRESS CALL NUMBER
Classification number BT736.4
Item number .S47 1990
082 04 - DEWEY DECIMAL CLASSIFICATION NUMBER
Classification number 220.5208
Item number H372s
Edition information 20
092 ## - LOCALLY ASSIGNED DEWEY CALL NUMBER (OCLC)
Classification number 220.52 H4641990
001 - CONTROL NUMBER
control field data
130 0# - MAIN ENTRY--UNIFORM TITLE
Uniform title Bible.
Language of a work English.
Version New King James.
Form subheading Selections.
245 10 - TITLE STATEMENT
Title Serenity :
Remainder of title a companion for twelve step recovery, complete with New Testament, Psalms & Proverbs /
Statement of responsibility, etc. Robert Hemfelt & Richard Fowler.
260 ## - PUBLICATION, DISTRIBUTION, ETC.
Place of publication, distribution, etc. Nashville, [Tenn.] :
Name of publisher, distributor, etc. T. Nelson,
Date of publication, distribution, etc. c1990.
300 ## - PHYSICAL DESCRIPTION
Extent 558 p. ;
Dimensions 17 cm.
541 ## - IMMEDIATE SOURCE OF ACQUISITION NOTE
Materials specified Eisenhower copy:
Institution to which field applies MdBJ.
650 #0 - SUBJECT ADDED ENTRY--TOPICAL TERM
Topical term or geographic name entry element Twelve-step programs
General subdivision Christianity.
-- Christianity.
650 #2 - SUBJECT ADDED ENTRY--TOPICAL TERM
Topical term or geographic name entry element Christianity.
650 #2 - SUBJECT ADDED ENTRY--TOPICAL TERM
Topical term or geographic name entry element Rehabilitation
General subdivision psychology.
700 1# - ADDED ENTRY--PERSONAL NAME
Personal name Hemfelt, Robert.
700 1# - ADDED ENTRY--PERSONAL NAME
Personal name Fowler, Richard.
Holdings
Withdrawn status Lost status Damaged status Not for loan Home library Current library Shelving location Date acquired Total checkouts Full call number Barcode Date last seen Price effective from Koha item type
        Franklin Franklin General stacks 22/03/2026   220.5208 H372s 20 BC0010564 22/03/2026 22/03/2026 Books